| 000 | 00553nam a22001937a 4500 | ||
|---|---|---|---|
| 999 |
_c526889 _d526889 |
||
| 003 | NUST | ||
| 020 | _qHBK | ||
| 038 | _aFaiza | ||
| 082 |
_a297.56 _bMUS |
||
| 100 |
_aMustafa, Muhammad Tahir _917894 |
||
| 245 |
_aIslah e Ehwal ka Akhari hal / _cMuhammad Tahir Mustafa |
||
| 260 |
_aLahore : _bMehboob ur Rehman Anwar, _c1998. |
||
| 300 | _a220 p. ; | ||
| 500 | _aReference. | ||
| 504 | _aBibliography. | ||
| 880 |
_6100-01\r _aمحمد طاہر مصطفیٰ |
||
| 880 |
_6245-02\r _aاصلاحِ احوال کا آخری حل / |
||
| 942 |
_2ddc _cBK |
||